000 00224nam a2200097Ia 4500
005 20251222114405.0
008 251222s1900||||xx |||||||||||||| ||spa||
082 _aDVD0050/W12M/T.3
245 0 _aMatrix revoluciones
942 _cDVD
999 _c1784
_d1784